000 00438nam a22001817a 4500
003 MPLRDC
005 20220104124636.0
008 210129b ||||| |||| 00| 0 eng d
082 _a859.6 SJMZ-2 v.1
100 _a林玉铭主编
245 _a世界寓言选. 一
_c
250 _a初版
260 _a
_b雅苑出版社
_c1984
300 _b
490 _a世界名著翻译
650 _a寓言
942 _cBK
_o859.6 SJMZ-2 v.1
999 _c20976
_d20966